000 00674nam a22002297a 4500
999 _c294
_d294
003 AR-CdUCM
008 190222b ||||| |||| 00| 0 spa d
020 _a8423906531
040 _aMUNICIPALIDAD PROVINCIAL DEL CUSCO
_cBIBLIOTECA MUNICIPAL DEL CUSCO
082 _a882.3 /
_bEU94
_25ed.
100 _aEuripides
_9680
245 _aOrestes-Medea Andromaca /
260 _aMadrid :
_bEspasa-Calpe, S.A. ;
_c1973.
300 _a169 paginas ;
_c18 cm.
505 _aContenido: Orestes -- Medea -- Andromaca.
650 _aOrestes
_91223
650 _aElectra
_91224
650 _aMedea
_91225
650 _aAndromaca
_91226
942 _2ddc
_cLIBROS
945 _arum
_d2019-02-22